| 000 | 00717nam a22002537a 4500 | ||
|---|---|---|---|
| 003 | UA-OsUOA | ||
| 001 | 80437 | ||
| 007 | ta | ||
| 008 | 20111208b un ||||| |||| 00| 0 ukr d | ||
| 100 | _aТудор С. | ||
| 700 | _aГаврилюк О.Я. | ||
| 090 |
_a821.161.2 _bТ81 |
||
| 942 | _cBK | ||
| 040 |
_aUA-OsUOA _bukr _cUA-OsUOA _dUA-OsUOA |
||
| 245 |
_aДень отця Сойки. Береза _bроман, повість, оповідання |
||
| 300 | _a608 с. | ||
| 955 | _a3 | ||
| 041 | _aukr | ||
| 080 | _a821.161.2 | ||
| 020 | _a5-12-000462-8 | ||
| 260 |
_aК. _bНаук. думка _c1989 |
||
| 650 | 7 |
_a82 Література. Літературознавство _2UDC |
|
| 999 |
_c366753 _d366753 |
||